| 000 | 01163cam a22002773a 4500 | ||
|---|---|---|---|
| 001 | 5679 | ||
| 003 | PGUSA | ||
| 005 | 20140828083123.0 | ||
| 008 | 040501s2004||||xxu|||||s|||||000 | eng d | ||
| 040 |
_aPGUSA _beng |
||
| 042 | _adc | ||
| 050 | 4 | _aPB | |
| 100 | 1 |
_aLeahy, Arthur Herbert, _d1857-1928 |
|
| 245 | 1 | 0 |
_aHeroic Romances of Ireland, Translated into English Prose and Verse — Volume 2 _h[electronic resource] / _cArthur Herbert Leahy |
| 260 |
_bProject Gutenberg, _c2004 |
||
| 505 | 0 | _aThe preludes to the raid of Cualgne: Tain bo Fraich -- The raid for Dartaid's cattle -- The raid for the cattle of Regamon -- The driving of the cattle of Flidais -- The apparition of the Great Queen to Cuchulain -- Appendix: Irish text and literal translation of part of The courtship of Etain. | |
| 506 | _aPublic domain in the USA. | ||
| 516 | _aElectronic text | ||
| 653 | _aHeroes -- Ireland -- Legends | ||
| 653 | _aEpic literature, Irish -- Translations into English | ||
| 653 | _aMythology, Celtic -- Ireland | ||
| 653 | _aTales -- Ireland | ||
| 830 | 0 |
_aProject Gutenberg _v5679 |
|
| 856 | 4 | 0 | _uhttp://www.gutenberg.org/ebooks/5679 |
| 942 | _cEB | ||
| 999 |
_c235007 _d235007 |
||